| 000 | 00595nam a2200241 a 4500 | ||
|---|---|---|---|
| 001 | nice12345678 | ||
| 003 | IN_TiNIC | ||
| 005 | 20260116011633.0 | ||
| 008 | 050524s1961 lona grp 000 0 eng | ||
| 020 |
_a _c100 |
||
| 082 | 0 | 0 |
_a242 _bDIE |
| 100 | _aDietrich, Suzanne De | ||
| 245 |
_aFree Men _b Meditations on the Bible Today |
||
| 260 |
_aLondon _bScm Press _c1961 |
||
| 300 | _a127p | ||
| 500 | _aincludes index and biblioraphy | ||
| 505 | 2 | _aIndex | |
| 650 | _aMeditation-Christianity | ||
| 700 | 1 | _aDietrich, Suzanne De | |
| 902 | _bSRS | ||
| 942 | _cBK | ||
| 999 |
_c3033 _d3033 |
||